000 00365 a2200133 4500
001 91418
082 _aPR 1315
090 _c43548
_d43547
100 _aJamshed Sabir; Prof Shafqat Ul Mulk and Nauman Mazhar (Advisors)
245 _aRemote Control Display Unit
_n72 "B" EC
260 _aRawalpindi
_bNUST
_c2012
300 _aix, 51p
500 _aBE Project Reports
942 _aCAE NUST
_kPR 1315
999 _c326491
_d326491